[Event "Washington op Premier"]
[Site "Redmond"]
[Date "2010.05.30"]
[Round "4"]
[White "Lamb, Anthony"]
[Black "Kolde, Sterling"]
[Result "1/2-1/2"]
[WhiteElo "1700"]
[BlackElo "1852"]
[PlyCount "40"]
[EventDate "2010.05.29"]
[EventType "swiss"]
[EventRounds "6"]
[EventCountry "USA"]
[SourceTitle "EXT 2017"]
[Source "ChessBase"]
[SourceDate "2016.10.25"]
[SourceVersion "1"]
[SourceVersionDate "2016.10.25"]
[SourceQuality "1"]

1. e4 e5 2. Nf3 Nc6 3. Bb5 a6 4. Bxc6 dxc6 5. 0-0 Qf6 6. d3 Ne7 7. Nbd2 Ng6 8. Re1 Bg4 9. h3 h5 10. Nf1 Bxf3 11. Qxf3 Qxf3 12. gxf3 Nh4 13. Nh2 Bd6 14. Kf1 f6 15. Ke2 0-0-0 16. Rg1 Rhg8 17. Nf1 Rd7 18. Ne3 g6 19. Ng2 Nxg2 20. Rxg2 g5 1/2-1/2